|
|
|
|
| LEADER |
00828nam a2200181 4500 |
| 999 |
|
|
|c 154155
|d 154151
|
| 020 |
|
|
|a 9780867208962
|
| 082 |
|
|
|a 660.6 CHI/B
|
| 100 |
|
|
|a Chirikjian, Jack G;Ed.
|9 64737
|
| 245 |
|
|
|a Biotechnology
|b Theory and Techniques
|
| 260 |
|
|
|a Boston
|b Jones and Bartlett Publishers
|c 1995
|
| 300 |
|
|
|a 276p.
|
| 490 |
|
|
|a Jones and Bartlett series in biology.
|
| 650 |
|
|
|a Biotechnology -- Laboratory manuals--SCIENCE -- Biotechnology--Biotechnology.
|9 64738
|
| 856 |
|
|
|u http://classify.oclc.org/classify2/ClassifyDemo?owi=2865009931
|
| 942 |
|
|
|c BK
|
| 952 |
|
|
|0 0
|1 0
|4 0
|6 660_600000000000000_CHI_B
|7 0
|9 152874
|a SBS
|b SBS
|d 2017-10-25
|l 0
|o 660.6 CHI/B
|p SBSR863
|r 2017-10-25
|w 2017-10-25
|y BK
|
| 952 |
|
|
|0 0
|1 0
|4 0
|6 660_600000000000000_CHI_B_2
|7 0
|9 152948
|a SBS
|b SBS
|d 2017-10-26
|l 0
|o 660.6 CHI/B; 2
|p SBS702
|r 2017-10-26
|w 2017-10-26
|y BK
|